Skills-Oriented Migration in the Western Balkans Linking Workers’ Migration Aspirations to Skill Shortages in Destination and Origin Countries
Na minha lista:
| Autor principal: | |
|---|---|
| Outros Autores: | , |
| Formato: | Livro |
| Idioma: | inglês |
| Publicado em: |
Vienna
The Vienna Institute for International Economic Studies
2024
|
| Assuntos: | |
| Tags: |
Sem tags, seja o primeiro a adicionar uma tag!
|
MARC
| LEADER | 00000nlm a2200000 4500 | ||
|---|---|---|---|
| 001 | 0304839 | ||
| 005 | 20241025214955.3 | ||
| 041 | 0 | |a eng | |
| 044 | |a AT | ||
| 245 | 1 | 0 | |a Skills-Oriented Migration in the Western Balkans |b Linking Workers’ Migration Aspirations to Skill Shortages in Destination and Origin Countries |c Pascal Beckers ... [et al.] |
| 264 | 1 | |a Vienna |b The Vienna Institute for International Economic Studies |c 2024 | |
| 300 | |a 43 s. | ||
| 610 | 2 | 0 | |a migrácia |
| 610 | 2 | 0 | |a zručnosti |
| 610 | 2 | 0 | |a trh práce |
| 610 | 2 | 0 | |a Balkán |
| 100 | 1 | |a Beckers, Pascal | |
| 700 | 1 | |a Ghodsi, Mahdi | |
| 700 | 1 | |a Ivanović, Ksenija | |